| 000 | 00556nam a2200193Ia 4500 | ||
|---|---|---|---|
| 005 | 20260429112227.0 | ||
| 008 | 260429s9999||||xx |||||||||||||| ||und|| | ||
| 020 | _a9788197092510 | ||
| 041 | _aEnglish | ||
| 082 |
_a027.0285 _bDHA |
||
| 100 | _aDhanavandan, S. | ||
| 245 | 0 |
_aSmart libraries navigating technology, content and services / _cS. Dhanavandan |
|
| 260 |
_aNew Delhi : _bAsia Publishers, _c2024. |
||
| 300 | _aix, 352 p.; hb | ||
| 650 | _a Computer applications | ||
| 650 | _a Smart libraries | ||
| 650 | _aLibrary science | ||
| 942 | _cTB | ||
| 999 |
_c53002 _d53002 |
||